000
00356nam a2200157Ia 4500
003
OSt
005
20240123160340.0
008
170523s9999 xx 000 0 und d
020
_a
935161011X
040
_c
iimt university meerut
100
_a
KAPOOR- VK
245
0
_a
OPERATION RESEARCH
260
_b
DELHI SULTAN CHAND
260
_c
2000
942
_2
ddc
_c
02
999
_c
75
_d
75